| 000 | 00358nam a2200133Ia 4500 | ||
|---|---|---|---|
| 008 | 230917s9999||||xx |||||||||||||| ||und|| | ||
| 040 |
_e38162 _aMAIN |
||
| 041 | _aEnglish | ||
| 082 | _a658.3 M311P | ||
| 100 | _aMamoria, C B | ||
| 245 | 0 | _aPersonal management: management of human resources | |
| 260 |
_aBombay _bHimalaya Publishing House _c864 |
||
| 942 | _cBK | ||
| 999 |
_c63989 _d63989 |
||